Action imminent : three studies of the naval war in the Mediterranean theatre during 1940 /

Bibliographic Details
Main Author: Smith, Peter C. (Peter Charles), 1940-
Format: Book
Language:English
Published: London : Kimber, 1980.
Subjects:

MARC

Tag First Indicator Second Indicator Subfields
LEADER 00000cam a2200000 a 4500
001 in00000082197
005 20151008055531.0
008 810801s1980 enkabcf b 00110 eng
010 |a  81110074  
015 |a GB*** 
020 |a 071830277X :  |c 11.95 
035 |a (OCoLC)07738773 
035 |9 AAJ3720AM 
039 0 |a 2  |b 3  |c 3  |d 3  |e 3 
040 |a DLC  |c DLC  |d TXA  |d UtOrBLW 
043 |a e-uk---  |a mm----- 
049 |a TXAM  |c [1804280] 
050 0 0 |a D775  |b .S6 
082 0 |a 940.54/29  |2 19 
100 1 |a Smith, Peter C.  |q (Peter Charles),  |d 1940- 
245 1 0 |a Action imminent :  |b three studies of the naval war in the Mediterranean theatre during 1940 /  |c Peter C. Smith. 
264 1 |a London :  |b Kimber,  |c 1980. 
300 |a 352 pages, 24 unnumbered pages of plates :  |b illustrations, maps, portraits ;  |c 24 cm. 
336 |a text  |b txt  |2 rdacontent 
337 |a unmediated  |b n  |2 rdamedia 
338 |a volume  |b nc  |2 rdacarrier 
504 |a Includes bibliographical references and index. 
610 1 0 |a Great Britain.  |b Royal Navy  |x History  |y World War, 1939-1945. 
650 0 |a World War, 1939-1945  |z Mediterranean Sea. 
650 0 |a World War, 1939-1945  |x Naval operations, British. 
999 |a MARS 
999 f f |s f7009c19-4797-3395-aa3b-8a7e25a3e030  |i eae57662-ecf6-36d4-be0e-c3a72d61fa64  |t 0 
952 f f |p noncirc  |a Texas A&M University  |b College Station  |c Cushing Memorial Library & Archives  |d Cushing: Ragan Military (Does not check out)  |t 0  |e D775 .S6 1980  |h Library of Congress classification  |i unmediated -- volume  |m A14852654152 
952 f f |p ric  |a Texas A&M University  |b Rellis Campus  |c Joint Library Facility  |d Remote Storage  |t 0  |e D775 .S6  |h Library of Congress classification  |i unmediated -- volume  |m A14806095385 
998 f f |a D775 .S6  |t 0  |l Remote Storage 
998 f f |a D775 .S6 1980  |t 0  |l Cushing: Ragan Military (Does not check out)